Регионална библиотека "Любен Каравелов" - Русе

Влаковете (Запис номер 490479)

MARC детайли
000 -Лидер
Контролно поле с фиксирана дължина 01676nam a2200373 a 4500
003 - Код на организацията, давaща контролен номер
Контролно поле BLK
005 - Дата и час на последна редакция
Контролно поле 20250416165257.0
008 - Елементи от данни с фиксирана дължина
fixed length control field 230419b bul|||||r ||||||| ||bul||
020 ## - Международен стандартен номер на книга ISBN
Международен стандартен номер на книга ISBN 978-619-199-354-3
020 ## - Международен стандартен номер на книга ISBN
Международен стандартен номер на книга ISBN 3800083823605
040 ## - Източник на каталожния запис
Идентификатор на билиотеката - собственик на записа BLK
041 ## - Код за език
Код за езика на текст/звукозапис или на отделно заглавие Български
Код за езика КДБФ Български
080 ## - УДК
Текстов определител УДК Видове тяга. Локомотиви и влакове - парни, електрически, дизелови, газотурбинни и др. локомотиви
УДК код - определител по УДК 629.42
УДК определител :087.5
УДК - код + определител 629.42:087.5
100 1# - Редна дума - Автор
Автор Фрит, Алекс
R(LIN) 135040
139 ## - Редно поле
Редна дума Фрит, Алекс
Авторски знак Фри - Ф 83
245 10 - Сведения за заглавието
Заглавие Влаковете
Подзаглавни данни с повече от 50 капачета
Редно поле (дума) текст Алекс Фрит ; ил. Колин Кинг ; прев. от англ. Живко Николчев
257 ## - Страна на издаване
Страна на създаване/издаване Великобритания
260 ## - Област на издателските данни
Място на издаване, разпространение и проч. София
Име на издателя, разпространителя и проч. Фют
Година на издаване 2021
Печатница отпеч. в Китай
300 ## - Физическа характеристика
Страници 14 с.
Илюстрации и др. с цв. ил.
Размери/Мащаб 23 см
380 ## - Жанр
Жанр Детска отраслова лит.
490 ## - СЕРИИ (Колекции)
Име на серия Откриватели
9 (RLIN) 390050
500 ## - Общи забележки
Забележка Кор. опис. - Ориг. загл.: Look inside trains. - Кн. от поредицата Откриватели. - Кн. отпеч. на ламиниран картон
650 #4 - Допълнително описание по предмет – тема
Основно описание – тема или топоним Влакове
9 (RLIN) 150914
650 #4 - Допълнително описание по предмет – тема
Основно описание – тема или топоним Транспорт, железопътен
9 (RLIN) 279351
653 ## - Ключова дума – ненормативна
Ключова дума влакове
653 #7 - Ключова дума – ненормативна
Ключова дума книжки-картинки
9 (RLIN) 188752
700 ## - Други автори (авторска отговорност)
Лично име Кинг, Колин
9 (RLIN) 374358
700 ## - Други автори (авторска отговорност)
Лично име Николчев, Живко Любомиров
Автороска отговорност (Описва отношението между автора и произведението) прев.
9 (RLIN) 344811
852 ## - Местоположение
Фондова буква Детски отдел
Систематично-азбучна сигнатура 629/Ф 83
856 4# - Електронен адрес и достъп
Електронен формат pdf - файл
Инструкция (цена за достъп) 0.00
Права за достъп disable
856 4# - Електронен адрес и достъп
Електронен формат pdf - файл
Инструкция (цена за достъп) 0.00
Права за достъп disable
999 ## - СИСТЕМНИ КОНТРОЛНИ НОМЕРА
Koha biblionumber 490479
Koha biblioitemnumber 490479
942 ## - АРТИКУЛИ
Вид на библиотечния материал Книги
Скрит в OPAC Не
Koha issues (borrowed), all copies 31
Периодичен библиозапис Да
944 ## - СЪЗДАВАНЕ И РЕДАКЦИЯ на ЗАПИСА
Създаване/Редакция Създаване
Дата на регистрацията/редакция 2023-04-19
Служител, извършил регистрацията/редакцията 30551
Статус, дата на статуса Бояна Костадинова
Наличности
Код за отписване Код за изгубен артикул Източник на класификационната схема Код за повреда Коз за рестрикции Код за отдаване Артикулен № Име на библиотеката - собственик Име на библиотеката, в която се намира в момента Статус (Текущо местоположение) Дата на вписване в системата Местоположение - отдел Цена в лева Инвентарен номер Систематично азбучна сигнатура Баркод Цена в евро Служебен тип на артикула
  Не е изгубен Universal Decimal Classification Не е повреден без рестрикции заемане за дома 927260 Регионална библиотека "Любен Каравелов" Русе Регионална библиотека "Любен Каравелов" Русе Детски отдел 2023-04-20 Детски отдел 13.43 120000886513 629/Ф 83 А 120000886513 6.87 Книги
Vip Innovations Ltd, Rousse, Bulgaria 2025